00686nam a2200169 a 4500008004100000020001500041050001600056100002400072245004100096260004900137300002400186350000900210650004000219995009600259999001700355952014400372120416s1981 ||||||||||||||||| || u a0134837436 aHF 5635 Hor aHorngren, Charles T10aIntroduction to financial accounting aEnglewood Cliffs, N.J.:bPrentice-Hallc1981 axviii, 745p. : ill. a0.00 0aACCOUNTING--HANDBOOKS, MANUALS, ETC D0.00FCBU-MAIN LIBRARY (Kitwe)H1I26.95M1UAVAILABLEZMain Library Open Access Collection c47749d47749 00102lcc4070a001b001cMain Library Open Access Collectiond2022-11-30l1oHF 5635 Horp005724r2023-12-14s2023-12-11w2022-11-30y002